| 000 | 00485nam a2200181Ia 4500 | ||
|---|---|---|---|
| 001 | 20487 | ||
| 005 | 20260306172809.0 | ||
| 008 | 260306t2025||||xx |||||||||||||| ||spa|| | ||
| 041 | _aESP | ||
| 082 |
_a343.332 _bC261 |
||
| 100 |
_aCoaguila Valdivia, Jaime Francisco, _eAUT |
||
| 245 | 0 | _aEl modelo de juez complejo en el estado constitucional de derecho | |
| 260 | _c2025 | ||
| 300 |
_axi, 101 páginas : _c16 cm. |
||
| 650 | _aGEN | ||
| 654 | _aCDE | ||
| 942 |
_cLIB _dJUS _fJUS _2ddc _n |
||
| 999 |
_c20487 _d20487 |
||